000 01483nam0a2200349 4500
001 RU\NLR\bibl\1869313
005 20250616185719.0
010 _a978-5-4240-0026-3
_91000
021 _aRU
_b2012-5826
_9421
035 _a(nilc)RSL-KNO-005389864
035 _a(NLR Aleph) 001859165
090 _a2507439
_c2507439
100 _a20120206d2012 |||y0rusy50 ca
101 0 _arus
102 _aRU
105 _ay |||||||||
200 1 _aПрофессиональные заболевания от воздействия химического вредного производственного фактора
_eучебное пособие
_f[С. В. Гребеньков и др.]
_gпод ред. С. В. Гребенькова, Е. В. Милутка
210 _aСанкт-Петербург
_cСЗГМУ им. И. И. Мечникова
_d2012
215 _a182, [2] с.
_cтабл.
_d20
320 _aБиблиогр.: с. 179-181
606 1 _aПрофессиональные болезни
_xЭтиология и патогенез
_xРоль химических факторов
_92109264
_3RU\NLR\auth\661578421
686 _aР124.432я7
_2rubbk
686 _aР124.432
686 _aР124.42
702 1 _aГребеньков
_bС. В.
_gСергей Васильевич
_4220
801 0 _aRU
_bRuMoRKP
_c20120206
_grcr
801 1 _aRU
_bРГБ
_c20120206
801 2 _aRU
_bNLR
_c20120214
_grcr
942 _cBOOK
980 _aNB
980 _aNBR